All Rammstein songs - Statistics

General Stats
  • This quiz has been taken 499 times
  • The average score is 75 of 102
Answer Stats
% Correct
Du hast
92%
Sonne
92%
Amerika
91%
Mutter
91%
Zeit
91%
Deutschland
90%
Reise, Reise
90%
Rosenrot
90%
Sehnsucht
90%
Herzeleid
89%
Engel
88%
Radio
88%
Ausländer
87%
Dicke Titten
87%
Rammstein
87%
Adieu
85%
Mein Herz Brennt
85%
Du riechst so gut
84%
Ich will
84%
Liebe ist für alle da
83%
Pussy
83%
Zick Zack
83%
Links 2 3 4
82%
Seemann
82%
Benzin
81%
Feuer frei!
81%
Mann gegen Mann
81%
Asche zu Asche
80%
Mein Teil
80%
Puppe
80%
Rammlied
80%
Sex
80%
Wollt ihr das Bett in Flammen sehen
80%
Adios
78%
Armee der Tristen
78%
Ich tu dir weh
78%
Ohne dich
78%
Bück dich
77%
Los
77%
Mein land
77%
Moskau
77%
Tattoo
77%
Angst
76%
Heirate mich
76%
Spiel mit mir
76%
Zeig dich
76%
Alter Mann
74%
Amour
74%
Dalai Lama
74%
Keine Lust
74%
Klavier
74%
Küss mich (Fellfrosch)
74%
Tier
74%
Bestrafe mich
73%
Morgenstern
73%
Rein raus
73%
Der Meister
72%
Diamant
72%
Eifersucht
72%
Haifisch
72%
Waidmanns Heil
72%
OK
71%
Schwarz
71%
Zwitter
71%
Das alte leid
70%
Kokain
70%
Laichzeit
70%
Weisses Fleisch
70%
Feuer und wasser
69%
Hallomann
69%
Spring
69%
Stein um stein
69%
Giftig
68%
Nebel
68%
Was ich liebe
68%
Meine Tränen
67%
Roter sand
67%
Wiener Blut
67%
Lügen
66%
Spieluhr
65%
Weit weg
65%
Zerstören
65%
Te quiero puta!
64%
Donaukinder
63%
Frühling in Paris
63%
Stirb nicht vor mir (Don't die before I do)
63%
Wilder Wein
61%
5/4
60%
Ein Lied
60%
Halt
60%
Wo bist du
60%
Bückstabü
59%
Liese
58%
Stripped
58%
Hilf mir
57%
Das Modell
56%
Halleluja
56%
Mehr
56%
Führe mich
55%
Feuerräder
52%
Gib mir deine Augen
51%
Vergiss uns nicht
45%
No matching quizzes found
Score Distribution
Percent of People with Each Score
Percentile by Number Answered
Your Score History
You have not taken this quiz